[Event "Aeroflot Open 2016"]
[Site "Moscu RUS"]
[Date "2016.03.08"]
[Round "8.12"]
[White "Artemiev, Vladislav"]
[Black "Petrosian, Tigran L"]
[Result "1/2-1/2"]
[WhiteElo "2674"]
[BlackElo "2607"]
[PlyCount "74"]
[EventDate "2016.03.01"]
[EventType "swiss"]
[EventRounds "9"]
[EventCountry "RUS"]
[Source "lmi"]
[SourceDate "2016.03.01"]

1. e4 d6 2. d4 Nf6 3. Nc3 g6 4. f4 Bg7 5. Nf3 O-O 6. e5 dxe5 7. fxe5 Nd5 8. Bc4
Nb6 9. Bb3 Nc6 10. O-O Na5 11. h3 Nxb3 12. axb3 f6 13. Qe2 c6 14. Ne4 fxe5 15.
dxe5 Nd5 16. c4 Nf4 17. Bxf4 Rxf4 18. Qe3 Rf8 19. Ng3 Qc7 20. Kh1 b5 21. Qc5
Be6 22. Ra6 bxc4 23. Rxc6 Qd7 24. Ng5 Rfc8 25. Rxc8+ Rxc8 26. Qe3 cxb3 27. N3e4
h6 28. Nc5 Rxc5 29. Nxe6 Rxe5 30. Qxe5 Bxe5 31. Rf8+ Kh7 32. Rf7+ Kg8 33. Rf8+
Kh7 34. Rf7+ Bg7 35. Rxg7+ Kh8 36. Rh7+ Kg8 37. Rg7+ Kh8 1/2-1/2

[Event "Aeroflot Open 2016"]
[Site "Moscu RUS"]
[Date "2016.03.08"]
[Round "8.14"]
[White "Safarli, Eltaj"]
[Black "Potkin, Vladimir"]
[Result "1/2-1/2"]
[WhiteElo "2663"]
[BlackElo "2585"]
[PlyCount "53"]
[EventDate "2016.03.01"]
[EventType "swiss"]
[EventRounds "9"]
[EventCountry "RUS"]
[Source "lmi"]
[SourceDate "2016.03.01"]

1. e4 c5 2. Nf3 e6 3. d4 cxd4 4. Nxd4 Nc6 5. Nc3 Qc7 6. Be3 a6 7. Qf3 Bd6 8.
O-O-O Be5 9. g3 Nge7 10. Qe2 O-O 11. f4 Bxd4 12. Bxd4 Nxd4 13. Rxd4 e5 14. fxe5
Nc6 15. Rd1 Nxe5 16. Qd2 b5 17. Nd5 Qc5 18. Qd4 Qxd4 19. Rxd4 Bb7 20. Be2 g6
21. a4 Kg7 22. Rhd1 Bc6 23. axb5 axb5 24. b3 f5 25. exf5 Rxf5 26. Nc3 Rf2 27.
Bxb5 1/2-1/2

[Event "Aeroflot Open 2016"]
[Site "Moscu RUS"]
[Date "2016.03.08"]
[Round "8.15"]
[White "Motylev, Alexander"]
[Black "Bocharov, Dmitry"]
[Result "1/2-1/2"]
[WhiteElo "2655"]
[BlackElo "2595"]
[PlyCount "109"]
[EventDate "2016.03.01"]
[EventType "swiss"]
[EventRounds "9"]
[EventCountry "RUS"]
[Source "lmi"]
[SourceDate "2016.03.01"]

1. e4 g6 2. d4 Bg7 3. Nc3 d6 4. g3 Nf6 5. Bg2 O-O 6. Nge2 Nbd7 7. O-O c5 8. h3
Rb8 9. a4 b6 10. Be3 cxd4 11. Bxd4 a6 12. Nd5 Bb7 13. c4 e5 14. Be3 Nxd5 15.
cxd5 a5 16. b4 axb4 17. Rb1 Ba6 18. Rxb4 f5 19. exf5 gxf5 20. Qd2 Qe7 21. Re1
Qf7 22. Nc3 Qg6 23. Nb5 Bxb5 24. Rxb5 Ra8 25. Bxb6 Rxa4 26. Qc2 Raa8 27. Be3
Rac8 28. Qb1 e4 29. Rc1 Ra8 30. Rb7 Ne5 31. Rcc7 Bf6 32. Ra7 Rxa7 33. Rxa7 h5
34. Qb4 Nf7 35. h4 Be5 36. Qd2 Rb8 37. Qc1 Qf6 38. Bf1 Rf8 39. Be2 Bd4 40. Bxd4
Qxd4 41. Rc7 Qf6 42. Bxh5 Ne5 43. Rc8 Rxc8 44. Qxc8+ Kg7 45. Kg2 Kh6 46. Qe8
Kg7 47. Bd1 f4 48. gxf4 Ng6 49. Qxe4 Qxh4 50. Bc2 Qg4+ 51. Kf1 Nxf4 52. Qe7+
Kg8 53. Qe8+ Kg7 54. Qe7+ Kg8 55. Qe8+ 1/2-1/2

[Event "Aeroflot Open 2016"]
[Site "Moscu RUS"]
[Date "2016.03.08"]
[Round "8.16"]
[White "Dragun, Kamil"]
[Black "Grachev, Boris"]
[Result "1/2-1/2"]
[WhiteElo "2594"]
[BlackElo "2639"]
[PlyCount "115"]
[EventDate "2016.03.01"]
[EventType "swiss"]
[EventRounds "9"]
[EventCountry "RUS"]
[Source "lmi"]
[SourceDate "2016.03.01"]

1. e4 c5 2. Nf3 e6 3. Nc3 Nc6 4. d4 cxd4 5. Nxd4 a6 6. Be2 Qc7 7. Be3 Nf6 8.
O-O Be7 9. f4 d6 10. Kh1 O-O 11. Qe1 Nxd4 12. Bxd4 b5 13. a3 Bb7 14. Qg3 Bc6
15. Rae1 Rad8 16. Bd3 Qd7 17. Ne2 g6 18. Qe3 Ng4 19. Qg3 Nf6 20. Qf3 Ne8 21.
Qe3 Bf6 22. Bxf6 Nxf6 23. Nd4 Bb7 24. f5 e5 25. Nf3 Kg7 26. Qg5 h6 27. Qh4 Rde8
28. Nd2 g5 29. Qf2 d5 30. exd5 Bxd5 31. Be4 Rd8 32. Qg3 Bxe4 33. Nxe4 Nxe4 34.
Rxe4 f6 35. h3 Qc6 36. Qf3 Rd6 37. Qh5 Qe8 38. Qe2 Qd7 39. c4 Rc8 40. b4 Rd2
41. Qh5 Qf7 42. Qxf7+ Kxf7 43. c5 Rcd8 44. Rc1 Ke7 45. Re3 Rd1+ 46. Rxd1 Rxd1+
47. Kh2 Rd4 48. g4 Kd7 49. Kg3 a5 50. Rb3 Kc6 51. Kf3 axb4 52. axb4 Kd5 53. Rc3
Kc6 54. Rb3 Kd5 55. Rc3 Kc6 56. Rb3 Rc4 57. Ke3 Rd4 58. Kf3 1/2-1/2

[Event "Aeroflot Open 2016"]
[Site "Moscu RUS"]
[Date "2016.03.08"]
[Round "8.17"]
[White "Timofeev, Artyom"]
[Black "Hovhannisyan, Robert"]
[Result "1/2-1/2"]
[WhiteElo "2593"]
[BlackElo "2636"]
[PlyCount "194"]
[EventDate "2016.03.01"]
[EventType "swiss"]
[EventRounds "9"]
[EventCountry "RUS"]
[Source "lmi"]
[SourceDate "2016.03.01"]

1. d4 d5 2. c4 c6 3. cxd5 cxd5 4. Nc3 Nf6 5. Bf4 Nc6 6. e3 Bf5 7. Bd3 Bxd3 8.
Qxd3 e6 9. Nf3 Be7 10. h3 O-O 11. O-O Rc8 12. Rac1 a6 13. Ne5 Nxe5 14. Bxe5 Nd7
15. Bg3 Nb6 16. Rc2 Qd7 17. Rfc1 Nc4 18. Nd1 Rc6 19. b3 Na5 20. Qd2 Rfc8 21.
Nb2 Bb4 22. Qe2 Ba3 23. Rxc6 Nxc6 24. Kh2 f6 25. Rc2 Bxb2 26. Rxb2 Ne7 27. Rc2
Nf5 28. Qd1 g5 29. Qc1 Rxc2 30. Qxc2 h5 31. Qc7 Qxc7 32. Bxc7 g4 33. hxg4 hxg4
34. Kg1 Kf7 35. Kf1 Ne7 36. Ke2 Nc6 37. Bd6 e5 38. dxe5 fxe5 39. f3 Ke6 40. Bf8
gxf3+ 41. gxf3 e4 42. fxe4 dxe4 43. Kd2 Kd5 44. Kc3 Ne5 45. Bg7 Ng4 46. Bd4 Nh6
47. Bf6 Nf5 48. Bg5 Kc5 49. Bf6 Ng3 50. Bh4 Nf5 51. Bf6 Kc6 52. Bg5 Kd5 53. Kb4
Ng7 54. Kc3 Ne6 55. Bh4 Nc7 56. Kb4 Ne6 57. Kc3 Nc5 58. Bg3 Nd3 59. Bh4 Ne5 60.
Bg3 Ng6 61. Kb4 Ne7 62. Bh4 Nc6+ 63. Kc3 Ne5 64. Bg3 Nc6 65. Bh4 Kc5 66. Bf6 b5
67. a3 Kd5 68. Bg7 Ne7 69. Bf6 Nc6 70. Bg7 Ke6 71. Bf8 Kf5 72. a4 Kg4 73. axb5
axb5 74. Bh6 Kf3 75. Bg5 Ke2 76. Bf4 Kf2 77. Bh6 Kg3 78. Bf4+ Kh4 79. Bh6 Kg4
80. Bf8 Kf5 81. Ba3 Ke6 82. Bc5 Ke5 83. Ba3 Kf5 84. Bf8 Kg4 85. Bh6 Kg3 86.
Bf4+ Kf2 87. Bh6 Ke1 88. Bg5 Kd1 89. Bh6 Kc1 90. Bf8 Kb1 91. Bd6 Ka2 92. Bf8
Ne5 93. Kd4 Nd7 94. Bd6 Kxb3 95. Kxe4 Kc4 96. Ba3 Nb6 97. Kf5 b4 1/2-1/2

[Event "Aeroflot Open 2016"]
[Site "Moscu RUS"]
[Date "2016.03.08"]
[Round "8.18"]
[White "Lalith, Babu M R"]
[Black "Salem, A.R. Saleh"]
[Result "0-1"]
[WhiteElo "2573"]
[BlackElo "2615"]
[PlyCount "82"]
[EventDate "2016.03.01"]
[EventType "swiss"]
[EventRounds "9"]
[EventCountry "RUS"]
[Source "lmi"]
[SourceDate "2016.03.01"]

1. Nf3 Nf6 2. c4 g6 3. Nc3 Bg7 4. e4 d6 5. d4 O-O 6. Be2 e5 7. O-O Nc6 8. d5
Ne7 9. a4 a5 10. Ne1 Nd7 11. Nd3 f5 12. f3 f4 13. Nb5 Rf6 14. c5 Nxc5 15. Nxc5
dxc5 16. Qb3 Kh8 17. Rd1 b6 18. Qc3 Ng8 19. d6 cxd6 20. Qxe5 Ba6 21. Qc3 Bxb5
22. Bxb5 g5 23. Ra3 Rg6 24. Qc4 Be5 25. Rad3 Qe7 26. Bd2 Nf6 27. h3 h5 28. Bc3
Rag8 29. Bxe5 Qxe5 30. Rxd6 g4 31. Re6 Qxb2 32. fxg4 hxg4 33. h4 f3 34. Qf1 Qb3
35. Bc4 f2+ 36. Kxf2 g3+ 37. Ke1 Qc3+ 38. Rd2 Rd8 39. Qe2 Rxd2 40. Qxd2 Qxc4
41. Qd8+ Ng8 0-1

[Event "Aeroflot Open 2016"]
[Site "Moscu RUS"]
[Date "2016.03.08"]
[Round "8.19"]
[White "Predke, Alexandr"]
[Black "Savchenko, Boris"]
[Result "1-0"]
[WhiteElo "2508"]
[BlackElo "2610"]
[PlyCount "89"]
[EventDate "2016.03.01"]
[EventType "swiss"]
[EventRounds "9"]
[EventCountry "RUS"]
[Source "lmi"]
[SourceDate "2016.03.01"]

1. e4 c6 2. Nc3 d5 3. d4 dxe4 4. Nxe4 Bf5 5. Ng3 Bg6 6. h4 h6 7. Nf3 Nf6 8. h5
Bh7 9. Bd3 Bxd3 10. Qxd3 e6 11. Bd2 c5 12. O-O-O Nc6 13. Bc3 Qd5 14. Kb1 c4 15.
Qe2 Bd6 16. Nf1 Bf4 17. Rh4 Bg5 18. Nxg5 hxg5 19. Ne3 Qb5 20. Nxc4 Kf8 21. Rhh1
Nd5 22. Qd3 Nf4 23. Qf1 Rxh5 24. Rxh5 Nxh5 25. Qh1 Qxc4 26. Qxh5 Rd8 27. Qh8+
Ke7 28. Qxg7 Rd5 29. Bd2 Nb4 30. Bxb4+ Qxb4 31. a3 Qd6 32. Rd3 Rf5 33. g4 Rxf2
34. Qxg5+ Kd7 35. d5 e5 36. Qe3 Rf1+ 37. Ka2 b6 38. g5 Ke7 39. Qh3 Rg1 40. Qh4
Kf8 41. c4 Rg2 42. Re3 Kg7 43. Rh3 Kf8 44. Qh8+ Ke7 45. Rh6 1-0

[Event "Aeroflot Open 2016"]
[Site "Moscu RUS"]
[Date "2016.03.08"]
[Round "8.20"]
[White "Bluebaum, Matthias"]
[Black "Korobov, Anton"]
[Result "1-0"]
[WhiteElo "2605"]
[BlackElo "2713"]
[PlyCount "65"]
[EventDate "2016.03.01"]
[EventType "swiss"]
[EventRounds "9"]
[EventCountry "RUS"]
[Source "lmi"]
[SourceDate "2016.03.01"]

1. d4 d5 2. c4 c6 3. Nf3 Nf6 4. Nc3 dxc4 5. a4 Bf5 6. Ne5 Nbd7 7. Nxc4 Nb6 8.
Ne5 a5 9. e3 e6 10. g4 Bg6 11. h4 Bd6 12. h5 Be4 13. f3 Bxe5 14. dxe5 Qxd1+ 15.
Nxd1 Bxf3 16. exf6 Bxh1 17. fxg7 Rg8 18. h6 Be4 19. Nf2 Bg6 20. e4 Nd7 21. Be3
f6 22. O-O-O Ne5 23. Bd4 Rd8 24. Bxe5 Rxd1+ 25. Kxd1 fxe5 26. g5 Kf7 27. Be2
Rd8+ 28. Kc1 b5 29. Bf3 bxa4 30. Ng4 c5 31. Nf6 c4 32. Kc2 Rb8 33. Kc3 1-0

[Event "Aeroflot Open 2016"]
[Site "Moscu RUS"]
[Date "2016.03.08"]
[Round "8.21"]
[White "Jobava, Baadur"]
[Black "Kovalev, Vladislav"]
[Result "1/2-1/2"]
[WhiteElo "2676"]
[BlackElo "2560"]
[PlyCount "28"]
[EventDate "2016.03.01"]
[EventType "swiss"]
[EventRounds "9"]
[EventCountry "RUS"]
[Source "lmi"]
[SourceDate "2016.03.01"]

1. e4 e5 2. Nf3 Nc6 3. Bb5 a6 4. Bxc6 dxc6 5. d4 exd4 6. Qxd4 Qxd4 7. Nxd4 c5
8. Ne2 Bd6 9. Bf4 Be6 10. Nbc3 Bxf4 11. Nxf4 O-O-O 12. Nxe6 fxe6 13. Ke2 Ne7
14. Rad1 Nc6 1/2-1/2

[Event "Aeroflot Open 2016"]
[Site "Moscu RUS"]
[Date "2016.03.08"]
[Round "8.23"]
[White "Lu, Shanglei"]
[Black "Bindrich, Falko"]
[Result "1/2-1/2"]
[WhiteElo "2620"]
[BlackElo "2557"]
[PlyCount "54"]
[EventDate "2016.03.01"]
[EventType "swiss"]
[EventRounds "9"]
[EventCountry "RUS"]
[Source "lmi"]
[SourceDate "2016.03.01"]

1. e4 e5 2. Nf3 Nc6 3. Bb5 Nf6 4. d3 Bc5 5. Bxc6 dxc6 6. Nbd2 Nd7 7. Nc4 O-O 8.
Be3 Bd6 9. O-O Re8 10. a3 a5 11. Kh1 Nf8 12. Qe1 a4 13. d4 exd4 14. Bxd4 c5 15.
Bc3 b5 16. Nxd6 cxd6 17. Rd1 Bb7 18. Be5 Ra6 19. Qe2 Qa8 20. Bxd6 Bxe4 21. Bxf8
Kxf8 22. Kg1 Rg6 23. Nh4 Rh6 24. f3 Rxh4 25. fxe4 Qxe4 26. Qxb5 Qe5 27. h3 Rxh3
1/2-1/2

[Event "Aeroflot Open 2016"]
[Site "Moscu RUS"]
[Date "2016.03.08"]
[Round "8.25"]
[White "Cordova, Emilio"]
[Black "Aravindh, Chithambaram VR"]
[Result "0-1"]
[WhiteElo "2610"]
[BlackElo "2506"]
[PlyCount "114"]
[EventDate "2016.03.01"]
[EventType "swiss"]
[EventRounds "9"]
[EventCountry "RUS"]
[Source "lmi"]
[SourceDate "2016.03.01"]

1. d4 d5 2. Nf3 Nf6 3. g3 g6 4. Bg2 Bg7 5. O-O O-O 6. c3 c5 7. dxc5 a5 8. Ne1
Na6 9. Nd3 Bf5 10. Na3 Qc8 11. Be3 Rd8 12. Rc1 Ne4 13. Bd4 f6 14. b4 e5 15. Be3
axb4 16. cxb4 Nc7 17. Qb3 Be6 18. Qb2 d4 19. Bxe4 dxe3 20. c6 b6 21. Nc4 Bxc4
22. Rxc4 f5 23. Bg2 e4 24. Qb3 exd3 25. Re4+ Kh8 26. Rxe3 Qa6 27. exd3 Qxa2 28.
Qxa2 Rxa2 29. Re7 Ra7 30. Rfe1 Kg8 31. Rd7 Bf6 32. d4 Rxd7 33. cxd7 Kf7 34. Bc6
Ra2 35. d5 Rd2 36. Re8 Nxd5 37. b5 Nc7 38. Rb8 Ne6 39. Rxb6 Nd8 40. Rb8 Ke7 41.
f4 Bd4+ 42. Kh1 Rd1+ 43. Kg2 Rd2+ 44. Kh1 h6 45. Ra8 Rd1+ 46. Kg2 Rd2+ 47. Kh1
Rc2 48. Rc8 Ra2 49. Rb8 Rc2 50. Rc8 Rc1+ 51. Kg2 g5 52. fxg5 hxg5 53. h4 g4 54.
h5 Rc2+ 55. Kh1 Rc3 56. Bg2 Rb3 57. Bf1 Rxg3 0-1

[Event "Aeroflot Open 2016"]
[Site "Moscu RUS"]
[Date "2016.03.08"]
[Round "8.26"]
[White "Sandipan, Chanda"]
[Black "Khismatullin, Denis"]
[Result "0-1"]
[WhiteElo "2577"]
[BlackElo "2621"]
[PlyCount "72"]
[EventDate "2016.03.01"]
[EventType "swiss"]
[EventRounds "9"]
[EventCountry "RUS"]
[Source "lmi"]
[SourceDate "2016.03.01"]

1. d4 Nf6 2. c4 e6 3. Nc3 Bb4 4. g3 O-O 5. Bg2 Bxc3+ 6. bxc3 d6 7. a4 Nbd7 8.
e3 e5 9. Nf3 Re8 10. Ba3 c5 11. O-O Qe7 12. Qc2 e4 13. Nd2 Nf8 14. Rae1 Bf5 15.
f3 exf3 16. e4 fxg2 17. Rxf5 b6 18. Kxg2 Ng6 19. Qd1 h6 20. Bc1 Nh7 21. h4 Qd7
22. Ref1 f6 23. Qc2 Rac8 24. Kh2 Ne7 25. R5f2 Kh8 26. Rg2 Qg4 27. Bb2 Qg6 28.
Qd1 f5 29. exf5 Nxf5 30. Qb1 Rf8 31. Kg1 Rce8 32. Bc1 Qg4 33. Rf4 Qd1+ 34. Rf1
Re1 35. Qe4 Rxf1+ 36. Nxf1 Qxf1+ 0-1

[Event "Aeroflot Open 2016"]
[Site "Moscu RUS"]
[Date "2016.03.08"]
[Round "8.27"]
[White "Azarov, Sergei"]
[Black "Xu, Yinglun"]
[Result "1/2-1/2"]
[WhiteElo "2599"]
[BlackElo "2518"]
[PlyCount "63"]
[EventDate "2016.03.01"]
[EventType "swiss"]
[EventRounds "9"]
[EventCountry "RUS"]
[Source "lmi"]
[SourceDate "2016.03.01"]

1. e4 c5 2. Nf3 d6 3. d4 cxd4 4. Nxd4 Nf6 5. Nc3 a6 6. Bg5 Nbd7 7. Bc4 Qb6 8.
O-O Qxb2 9. Nd5 Nxd5 10. Rb1 Qc3 11. Bxd5 g6 12. Rb3 Qc7 13. Qa1 Rg8 14. Rfb1
Nc5 15. Qc3 Ra7 16. Rb6 Bg7 17. a4 Ne6 18. Qxc7 Nxc7 19. Be3 Nxd5 20. exd5 Ra8
21. c4 Bxd4 22. Bxd4 f6 23. c5 dxc5 24. Bxc5 Kf7 25. Re1 Re8 26. a5 Rb8 27. h3
Bd7 28. Bb4 h5 29. f3 h4 30. f4 Bf5 31. Re3 Rbd8 32. Rxb7 1/2-1/2

[Event "Aeroflot Open 2016"]
[Site "Moscu RUS"]
[Date "2016.03.08"]
[Round "8.28"]
[White "Yuffa, Daniil"]
[Black "Demchenko, Anton"]
[Result "1/2-1/2"]
[WhiteElo "2502"]
[BlackElo "2583"]
[PlyCount "96"]
[EventDate "2016.03.01"]
[EventType "swiss"]
[EventRounds "9"]
[EventCountry "RUS"]
[Source "lmi"]
[SourceDate "2016.03.01"]

1. d4 Nf6 2. c4 g6 3. g3 Bg7 4. Bg2 O-O 5. Nc3 d6 6. Nf3 Nbd7 7. O-O e5 8. e4
exd4 9. Nxd4 Re8 10. h3 Nc5 11. Re1 h6 12. Nb3 Ne6 13. f4 g5 14. Be3 gxf4 15.
gxf4 Kh8 16. Qf3 Rg8 17. Rad1 Qf8 18. Kh2 Bd7 19. Rg1 Re8 20. Bf1 Qe7 21. Bd3
Nf8 22. Bf2 Ng6 23. Nd4 c6 24. Nf5 Bxf5 25. exf5 Nf8 26. Bh4 N8h7 27. Rg3 Qc7
28. Rdg1 d5 29. cxd5 cxd5 30. Kh1 d4 31. Ne4 Nxe4 32. Bxe4 Bf6 33. Rxg8+ Rxg8
34. Bf2 Rxg1+ 35. Bxg1 b6 36. Bd5 Qd7 37. Qe4 d3 38. Qxd3 Bxb2 39. Qb3 Bg7 40.
Bxf7 Qxf5 41. Qe6 Qxf4 42. Qe8+ Nf8 43. Bd5 Qf5 44. Qf7 Qxf7 45. Bxf7 Be5 46.
Kg2 Kg7 47. Bc4 Nd7 48. Kf3 Nf6 1/2-1/2

[Event "Aeroflot Open 2016"]
[Site "Moscu RUS"]
[Date "2016.03.08"]
[Round "8.29"]
[White "Wagner, Dennis"]
[Black "Lorparizangeneh, Shahin"]
[Result "1/2-1/2"]
[WhiteElo "2583"]
[BlackElo "2449"]
[PlyCount "97"]
[EventDate "2016.03.01"]
[EventType "swiss"]
[EventRounds "9"]
[EventCountry "RUS"]
[Source "lmi"]
[SourceDate "2016.03.01"]

1. d4 d5 2. c4 c6 3. Nf3 Nf6 4. e3 Bf5 5. Nc3 a6 6. Qb3 b5 7. c5 a5 8. Ne5 a4
9. Qd1 g6 10. g4 Be6 11. Bg2 Bg7 12. f4 h5 13. g5 Nfd7 14. Nf3 Na6 15. Nh4 Bg4
16. Qd2 e5 17. fxe5 Qxg5 18. Qf2 Naxc5 19. O-O Qe7 20. dxc5 Nxc5 21. Nf3 O-O
22. e4 Bxf3 23. Bxf3 b4 24. Ne2 dxe4 25. Bg2 Bxe5 26. Bh6 Rfd8 27. Rad1 f5 28.
Bg5 Qxg5 29. Qxc5 Bxb2 30. Kh1 Qf6 31. Rxd8+ Rxd8 32. Bxe4 Qe5 33. Qc4+ Kh7 34.
Bxc6 Rc8 35. Qf7+ Kh6 36. Bf3 Qf6 37. Qd7 Rc4 38. Qxa4 Rh4 39. Qc2 Be5 40. Rf2
g5 41. Qd2 f4 42. Rf1 g4 43. Bg2 Qg5 44. Kg1 f3 45. Qxg5+ Kxg5 46. Ng3 Bd4+ 47.
Kh1 Be5 48. Kg1 Bd4+ 49. Kh1 1/2-1/2

[Event "Aeroflot Open 2016"]
[Site "Moscu RUS"]
[Date "2016.03.08"]
[Round "8.31"]
[White "Antipov, Mikhail Al"]
[Black "Lei, Tingjie"]
[Result "0-1"]
[WhiteElo "2573"]
[BlackElo "2495"]
[PlyCount "84"]
[EventDate "2016.03.01"]
[EventType "swiss"]
[EventRounds "9"]
[EventCountry "RUS"]
[Source "lmi"]
[SourceDate "2016.03.01"]

1. e4 c5 2. Nf3 e6 3. d4 cxd4 4. Nxd4 Nc6 5. Nc3 Qc7 6. g3 a6 7. Bg2 Nf6 8. O-O
Nxd4 9. Qxd4 Bc5 10. Bf4 d6 11. Qd2 h6 12. Rad1 e5 13. Be3 Be6 14. Bxc5 dxc5
15. Nd5 Bxd5 16. exd5 Qd6 17. c4 O-O 18. Bh3 Rfe8 19. Rfe1 Re7 20. Re3 Kf8 21.
Rde1 Rae8 22. a4 b6 23. a5 b5 24. b3 g6 25. Kf1 b4 26. R1e2 Ng8 27. f4 e4 28.
Qe1 f5 29. g4 Qxf4+ 30. Qf2 g5 31. gxf5 Nf6 32. Kg1 Qe5 33. Qg3 Qa1+ 34. Re1
Qxa5 35. Bg2 Re5 36. h4 g4 37. Qf4 Kg7 38. d6 Qd8 39. Rxe4 Nxe4 40. Rxe4 Qxd6
41. Qxg4+ Kh8 42. Rxe5 Qxe5 0-1

[Event "Aeroflot Open 2016"]
[Site "Moscu RUS"]
[Date "2016.03.08"]
[Round "8.32"]
[White "Van Foreest, Jorden"]
[Black "Igonin, Temur"]
[Result "1-0"]
[WhiteElo "2557"]
[BlackElo "2470"]
[PlyCount "79"]
[EventDate "2016.03.01"]
[EventType "swiss"]
[EventRounds "9"]
[EventCountry "RUS"]
[Source "lmi"]
[SourceDate "2016.03.01"]

1. d4 d5 2. Bf4 Nf6 3. e3 c5 4. Nf3 Nc6 5. Nbd2 cxd4 6. exd4 Qb6 7. Nb3 Bg4 8.
a4 e6 9. a5 Bb4+ 10. c3 Bxa5 11. Ra3 Bxf3 12. gxf3 Qd8 13. Nxa5 Nxa5 14. Qa4+
Nc6 15. Rb3 Qd7 16. Qa3 Nh5 17. Bd6 Rd8 18. Bc5 Nf4 19. Bb5 a6 20. Bxc6 Qxc6
21. Rb6 Qc7 22. Kd2 Ng6 23. Re1 Rd7 24. Qb4 Ne7 25. Bd6 Qd8 26. Bg3 Nc6 27. Qc5
Qe7 28. Ra1 O-O 29. Raxa6 Qxc5 30. dxc5 bxa6 31. Rxc6 Ra8 32. Rb6 Kf8 33. c6
Rdd8 34. Kd3 a5 35. Kd4 a4 36. Kc5 a3 37. c7 Rdc8 38. bxa3 Ke7 39. Kc6 Rxa3 40.
Bd6+ 1-0

[Event "Aeroflot Open 2016"]
[Site "Moscu RUS"]
[Date "2016.03.08"]
[Round "8.33"]
[White "Wang, Yiye"]
[Black "Alekseenko, Kirill"]
[Result "0-1"]
[WhiteElo "2445"]
[BlackElo "2554"]
[PlyCount "74"]
[EventDate "2016.03.01"]
[EventType "swiss"]
[EventRounds "9"]
[EventCountry "RUS"]
[Source "lmi"]
[SourceDate "2016.03.01"]

1. e4 c5 2. Nf3 Nc6 3. Bb5 Nf6 4. Nc3 Qc7 5. O-O Nd4 6. Bc4 e6 7. h3 a6 8. a4
h5 9. Re1 Ng4 10. d3 Nxf3+ 11. Qxf3 Ne5 12. Qe2 b6 13. Bb3 Bb7 14. Be3 Nc6 15.
Qd2 Nd4 16. Bxd4 cxd4 17. Ne2 Qe5 18. c3 dxc3 19. bxc3 g5 20. Ng3 Rc8 21. d4
Qf4 22. Re3 g4 23. hxg4 Qxg4 24. Bd1 Qg5 25. Qe2 h4 26. Nh5 Be7 27. Rb1 Rg8 28.
f4 Qa5 29. c4 f5 30. c5 Bxe4 31. Rxe4 fxe4 32. Rxb6 h3 33. g3 Bxc5 34. Nf6+ Kd8
35. Rxa6 Rxg3+ 36. Kh1 Qc3 37. Nxe4 Qxd4 0-1

[Event "Aeroflot Open 2016"]
[Site "Moscu RUS"]
[Date "2016.03.08"]
[Round "8.34"]
[White "Esipenko, Andrey"]
[Black "Shyam, Sundar M"]
[Result "1/2-1/2"]
[WhiteElo "2445"]
[BlackElo "2523"]
[PlyCount "112"]
[EventDate "2016.03.01"]
[EventType "swiss"]
[EventRounds "9"]
[EventCountry "RUS"]
[Source "lmi"]
[SourceDate "2016.03.01"]

1. d4 e6 2. Nf3 Nf6 3. c4 d5 4. Nc3 Bb4 5. Qa4+ Nc6 6. Bg5 h6 7. Bxf6 Qxf6 8.
e3 O-O 9. Be2 a6 10. O-O dxc4 11. Bxc4 Bd7 12. Qc2 Bd6 13. a3 e5 14. Ne4 Qe7
15. d5 Nd8 16. Be2 f5 17. Nxd6 cxd6 18. Qc7 Rc8 19. Qb6 Rc2 20. Rfe1 f4 21.
Rac1 Rxc1 22. Rxc1 e4 23. Nd2 f3 24. gxf3 exf3 25. Bxf3 Bh3 26. Kh1 Nf7 27. e4
Ne5 28. Qe3 Qf6 29. Bh5 Qh4 30. Bf3 Qg5 31. Qxg5 hxg5 32. Bg2 Rxf2 33. Bxh3
Rxd2 34. b4 g4 35. Bg2 Ra2 36. Kg1 Rxa3 37. Rc8+ Kf7 38. Rc7+ Kf6 39. Rxb7 Nc4
40. Bf1 Nd2 41. Be2 Nxe4 42. Bxg4 Ra1+ 43. Kg2 Ra2+ 44. Kf3 Nc3 45. h4 Ra3 46.
Kf2 Nxd5 47. Rd7 Nxb4 48. Rxd6+ Ke5 49. Rg6 Nd3+ 50. Kg1 Kf4 51. Be2 Ra1+ 52.
Kg2 Ra2 53. Kf1 Ra1+ 54. Kg2 Ra2 55. Kf1 Ra1+ 56. Kg2 Ra2 1/2-1/2

[Event "Aeroflot Open 2016"]
[Site "Moscu RUS"]
[Date "2016.03.08"]
[Round "8.35"]
[White "Pourramezanali, Amirreza"]
[Black "Anton Guijarro, David"]
[Result "1/2-1/2"]
[WhiteElo "2506"]
[BlackElo "2641"]
[PlyCount "47"]
[EventDate "2016.03.01"]
[EventType "swiss"]
[EventRounds "9"]
[EventCountry "RUS"]
[Source "lmi"]
[SourceDate "2016.03.01"]

1. e4 g6 2. d4 Bg7 3. Nf3 d6 4. Nc3 c6 5. Be2 Nf6 6. O-O O-O 7. a4 Na6 8. h3
Nc7 9. Bf4 Ne6 10. Bh2 d5 11. exd5 Nxd5 12. Nxd5 Qxd5 13. c3 c5 14. dxc5 Qxc5
15. Qb3 Bh6 16. Qb5 a6 17. Qxc5 Nxc5 18. Rfd1 Be6 19. Nd4 Bd7 20. a5 Rfe8 21.
Nf3 Be6 22. Nd4 Bd7 23. Nf3 Be6 24. Nd4 1/2-1/2

[Event "Aeroflot Open 2016"]
[Site "Moscu RUS"]
[Date "2016.03.08"]
[Round "8.36"]
[White "Kunin, Vitaly"]
[Black "Goryachkina, Aleksandra"]
[Result "1-0"]
[WhiteElo "2584"]
[BlackElo "2509"]
[PlyCount "75"]
[EventDate "2016.03.01"]
[EventType "swiss"]
[EventRounds "9"]
[EventCountry "RUS"]
[Source "lmi"]
[SourceDate "2016.03.01"]

1. Nf3 Nf6 2. g3 b6 3. Bg2 Bb7 4. c4 e6 5. O-O Be7 6. d4 O-O 7. Nc3 Ne4 8. Qc2
Nxc3 9. Qxc3 c5 10. Bf4 d6 11. Rad1 Nd7 12. dxc5 Nxc5 13. b4 Ne4 14. Qd3 Qc8
15. Nd4 Nf6 16. b5 Bxg2 17. Kxg2 Qb7+ 18. Nc6 d5 19. Bg5 dxc4 20. Qxc4 a6 21.
a4 axb5 22. axb5 Nd5 23. e4 Bxg5 24. exd5 exd5 25. Rxd5 Bf6 26. Rfd1 Rac8 27.
Rd7 Rc7 28. Rxc7 Qxc7 29. Qg4 h6 30. Rd7 Qc8 31. Qd1 Qe8 32. Qd5 Qe2 33. Rb7
Qc2 34. Rxb6 Re8 35. Rb8 Rxb8 36. Nxb8 Qb2 37. Nd7 Bd4 38. Qa8+ 1-0

[Event "Aeroflot Open 2016"]
[Site "Moscu RUS"]
[Date "2016.03.08"]
[Round "8.37"]
[White "Kovalevskaya, Ekaterina"]
[Black "Oparin, Grigoriy"]
[Result "0-1"]
[WhiteElo "2462"]
[BlackElo "2572"]
[PlyCount "180"]
[EventDate "2016.03.01"]
[EventType "swiss"]
[EventRounds "9"]
[EventCountry "RUS"]
[Source "lmi"]
[SourceDate "2016.03.01"]

1. e4 c5 2. Nf3 d6 3. d4 cxd4 4. Qxd4 Nf6 5. Bb5+ Bd7 6. c4 g6 7. O-O Bg7 8.
Nc3 O-O 9. Qd3 a6 10. Bxd7 Nfxd7 11. Bd2 Nc6 12. Rad1 Qb8 13. a4 Nc5 14. Qb1
Bxc3 15. Bxc3 Nxa4 16. Bd2 Nc5 17. Bh6 Rc8 18. b4 Ne6 19. Qb2 Ne5 20. Nxe5 dxe5
21. c5 b6 22. cxb6 Qxb6 23. Qxe5 Qxb4 24. Rd5 Qc3 25. Qxc3 Rxc3 26. f4 Rc5 27.
Rd7 Rh5 28. Bg5 Nxg5 29. fxg5 Kf8 30. Rd5 a5 31. Ra1 a4 32. Ra3 Kg7 33. g4 Rh4
34. h3 h5 35. gxh6+ Rxh6 36. Rd4 g5 37. Rdxa4 Rxa4 38. Rxa4 Rxh3 39. Kg2 Rb3
40. Ra5 Kg6 41. Ra6+ Kg7 42. Ra5 Kf6 43. Rf5+ Kg6 44. Re5 Rb7 45. Kf3 Ra7 46.
Kg3 f6 47. Rb5 Ra3+ 48. Kf2 Ra4 49. Kf3 Kf7 50. Ke3 Ra3+ 51. Kf2 Ke6 52. Rd5
Rc3 53. Ra5 Kd6 54. Rd5+ Kc6 55. Ra5 Rc5 56. Ra6+ Kd7 57. Ke3 Rc6 58. Ra5 Rc3+
59. Kf2 Ke6 60. Rb5 Rd3 61. Rc5 Kd6 62. Ra5 e6 63. e5+ fxe5 64. Ra7 Rd4 65. Kg3
e4 66. Rg7 e3 67. Kf3 Re4 68. Ke2 Rxg4 69. Kxe3 Ke5 70. Rg8 Rg3+ 71. Kf2 Kf4
72. Rf8+ Kg4 73. Ra8 Rf3+ 74. Kg2 e5 75. Ra4+ Rf4 76. Ra5 Re4 77. Kf2 Kf4 78.
Ra8 Rb4 79. Rf8+ Kg4 80. Ke3 Rf4 81. Re8 Kg3 82. Rxe5 g4 83. Ke2 Kg2 84. Re8 g3
85. Re7 Kg1 86. Rh7 g2 87. Rg7 Rf8 88. Ra7 Rh8 89. Kf3 Kh2 90. Ra2 Rf8+ 0-1